6 trendů pro budoucnost náboru
Pracovný nábor je jednou z najdynamickejších oblastí ľudských zdrojov. Čo čaká nábor v roku 2017 a akým smerom sa uberajú trendy. Čo ovplyvní recruitment v roku 2017. Chatovací roboti.
Guardado en:
| Autor principal: | |
|---|---|
| Formato: | Capítulo de libro |
| Lenguaje: | checo |
| Materias: | |
| Etiquetas: |
Sin Etiquetas, Sea el primero en etiquetar este registro!
|
MARC
| LEADER | 00000naa a2200000 4500 | ||
|---|---|---|---|
| 001 | 0226211 | ||
| 005 | 20231113135212.7 | ||
| 041 | 0 | |a cze | |
| 044 | |a CZ | ||
| 245 | 1 | 0 | |a 6 trendů pro budoucnost náboru |c Alena Červenková |
| 520 | |a Pracovný nábor je jednou z najdynamickejších oblastí ľudských zdrojov. Čo čaká nábor v roku 2017 a akým smerom sa uberajú trendy. Čo ovplyvní recruitment v roku 2017. Chatovací roboti. | ||
| 610 | 2 | 0 | |a nábor pracovníkov |
| 610 | 2 | 0 | |a digitalizácia |
| 610 | 2 | 0 | |a komunikácia elektronická |
| 610 | 2 | 0 | |a Česko |
| 100 | 1 | |a Červenková, Alena | |